000 00684nam a2200265Ia 4500
005 20260121171258.0
008 008 260114s9999 xx 000 0 eng d
020 _a9789811387555
037 _aEBOOK
040 _aCRL
040 _beng
040 _cCRL
041 _2eng
041 _aeng
084 _qCRL
100 _aQinchuan Li, Jacques M. Hervé, Wei Ye
_91074251
245 0 _aGeometric Method for Type Synthesis of Parallel Manipulators
260 _bSpringer
260 _bSpringer
260 _c2020
856 _uhttps://link.springer.com/openurl?genre=book&isbn=978-981-13-8755-5
942 _cEBOOK
999 _c1639981
_d1639981